Нематериальное стимулирование персонала, как важная составная часть мотивации работников в организации; Энергия молодых - экономике России; Ч. 2

Bibliographic Details
Parent link:Энергия молодых - экономике России=Energy of Youth for Russian Economy: сборник научных трудов XIII Международной научно-практической конференции студентов и молодых ученых, г. Томск, 16-19 апреля 2012 г./ Национальный исследовательский Томский политехнический университет (ТПУ) ; Вольное экономическое общество России ; Международный союз экономистов (МСЭ) ; ред. коллегия В. В. Еремин ; Ю. С. Нехорошев ; Г. А. Барышева ; И. Е. Никулина ; Т. Б. Варлачева ; И. В. Кащук ; Е. Ю. Маталасова.— , 2012
Ч. 2.— 2012.— [С. 129-131]
Main Author: Маклакова Т. Г. Таисия Глебовна
Other Authors: Бикова Э. Р. (научный руководитель), Криницына З. В. Зоя Васильевна
Summary:Заглавие с титульного экрана
Language:Russian
Published: 2012
Series:Менеджмент XXI века
Subjects:
Online Access:http://www.lib.tpu.ru/fulltext/c/2012/C23/V2/055.pdf
Format: Electronic Book Chapter
KOHA link:https://koha.lib.tpu.ru/cgi-bin/koha/opac-detail.pl?biblionumber=238587

MARC

LEADER 00000nla2a2200000 4500
001 238587
005 20231031205158.0
035 |a (RuTPU)RU\TPU\book\259782 
035 |a RU\TPU\book\259755 
090 |a 238587 
100 |a 20130529d2012 k y0rusy50 ca 
101 0 |a rus 
102 |a RU 
105 |a y z 101zy 
135 |a drcn ---uucaa 
181 0 |a i  
182 0 |a b 
200 1 |a Нематериальное стимулирование персонала, как важная составная часть мотивации работников в организации  |b Электронный ресурс  |f Т. Г. Маклакова, Э. Р. Бикова  |g науч. рук. З. В. Криницына 
203 |a Текст  |c электронный 
225 1 |a Менеджмент XXI века 
230 |a 1 компьютерный файл (pdf; 258 Kb) 
300 |a Заглавие с титульного экрана 
320 |a [Библиогр.: с. 131 (3 назв.)] 
337 |a Adobe Reader 
461 1 |0 (RuTPU)RU\TPU\book\258397  |t Энергия молодых - экономике России  |l Energy of Youth for Russian Economy  |o сборник научных трудов XIII Международной научно-практической конференции студентов и молодых ученых, г. Томск, 16-19 апреля 2012 г.  |o в 2 ч.  |f Национальный исследовательский Томский политехнический университет (ТПУ) ; Вольное экономическое общество России ; Международный союз экономистов (МСЭ) ; ред. коллегия В. В. Еремин ; Ю. С. Нехорошев ; Г. А. Барышева ; И. Е. Никулина ; Т. Б. Варлачева ; И. В. Кащук ; Е. Ю. Маталасова  |d 2012 
463 1 |0 (RuTPU)RU\TPU\book\258433  |t Ч. 2  |v [С. 129-131]  |d 2012 
610 1 |a труды учёных ТПУ 
610 1 |a электронный ресурс 
610 1 |a персонал 
610 1 |a мотивация 
610 1 |a стимулирование 
700 1 |a Маклакова  |b Т. Г.  |c экономист  |c аспирант Томского политехнического университета  |c заместитель директора по воспитательной работе детского оздоровительного лагеря "Юность"  |f 1991-  |g Таисия Глебовна  |2 stltpush  |3 (RuTPU)RU\TPU\pers\35070 
701 1 |a Бикова  |b Э. Р. 
702 1 |a Криницына  |b З. В.  |c экономист  |c доцент Томского политехнического университета, кандидат технических наук  |f 1957-  |g Зоя Васильевна  |2 stltpush  |4 727 
801 2 |a RU  |b 63413507  |c 20170123  |g RCR 
856 4 |u http://www.lib.tpu.ru/fulltext/c/2012/C23/V2/055.pdf 
942 |c CF